000 01043nam a2200253 i 4500
001 106484
003 ES-MaACL
005 20250819055514.0
007 t|
008 061124s1951 sp ||||1| spa d
080 _a330.852
080 _a321.64
100 1 _aJordana Fuentes, Jorge,
_d1923-1999
_966932
245 1 4 _aLos intentos superadores del marxismo
_b: /
_c[conferencia pronunciada por ... Jorge Jordana Fuentes, el día 5 de febrero de 1951, en el Ateneo de Madrid correspondiente al ciclo organizado por dicho centro bajo el título "Balance de la Cultura Moderna".
260 _aMadrid :
_bDelegación Nacional del Frente de Juventudes,
_c1951.
300 _a[50] p. ;
_c22 cm.
610 2 _aAteneo de Madrid-
_vConferencias-
_y1940-1982.
_91908
650 1 4 _aMarxismo.
_914803
650 1 4 _aFascismo-
_zEspaña
_912729
710 2 _aFrente de Juventudes (España).
_bDelegación Nacional.
_94185
740 0 _aBalance de la Cultura Moderna.
852 _aES-MaACL
_j2210-F-9
_bR.138079
999 _c106484
_d106484